000
00310nam a22001457a 4500
020
_a
0-439-56680-0
082
_a
001
_b
KEE/S
100
_a
KEENAN, SHELLA
245
_a
100 MATH ACTIVITIES
260
_a
NES YORK
_b
SCHOLASTIC INC
_c
2004
300
_a
224
520
_a
MATHS
650
_a
MATHS
942
_c
BK
999
_c
6668
_d
6668